County Seats of New York - Statistics

General Stats
  • This quiz has been taken 78 times
    44 since last reset
  • The average score is 34 of 62
Answer Stats
County Seat % Correct
(New York City borough) Brooklyn (Kings County)
100%
(New York City borough) Manhattan (New York County)
100%
(New York City borough) Staten Island (Richmond County)
100%
(New York City borough) The Bronx (Bronx County)
100%
Erie Buffalo
97%
(New York City borough) Kew Gardens (Queens County)
97%
Monroe Rochester
97%
Onondaga Syracuse
97%
______ Albany
88%
Broome Binghamton
88%
Rensselaer Troy
85%
Tompkins Ithaca
79%
___________ Schenectady
76%
Oneida Utica
73%
Chemung Elmira
67%
Dutchess Poughkeepsie
67%
Clinton Plattsburgh
64%
Ulster Kingston
61%
Jefferson Watertown
61%
Westchester White Plains
61%
Greene Catskill
55%
Columbia Hudson
55%
Yates Penn Yan
55%
_____ Oswego
52%
Schuyler Watkins Glen
52%
Genesee Batavia
48%
Chenango Norwich
48%
Cayuga Auburn
45%
Otsego Cooperstown
45%
_______ Cortland
45%
Livingston Geneseo
45%
Lewis Lowville
45%
Rockland New City
45%
________ Schoharie
45%
Saratoga Ballston Spa
42%
Ontario Canandaigua
42%
St. Lawrence Canton
42%
Putnam Carmel Hamlet
42%
Essex Elizabethtown
42%
Orange Goshen
42%
_______ Herkimer
42%
Franklin Malone
42%
Nassau Mineola
42%
Sullivan Monticello
42%
Tioga Owego
42%
Suffolk Riverhead
42%
Steuben Bath
39%
Delaware Delhi
39%
Niagara Lockport
39%
Chautauqua Mayville
39%
Warren Queensbury
39%
Allegany Belmont
36%
Montgomery Fonda
36%
Washington Fort Edward
36%
Seneca Waterloo
36%
Orleans Albion
33%
Fulton Johnstown
33%
Hamilton Lake Pleasant
33%
Cattaraugus Little Valley
33%
Wayne Lyons
33%
Wyoming Warsaw
33%
Madison Wampsville
30%
No matching quizzes found
Score Distribution
Percent of People with Each Score
Percentile by Number Answered
Your Score History
You have not taken this quiz since the last reset